Responses for Show #2370 - Friday, December 16, 1994

Contestants

[<< previous game]

Roseann Latsko, a teacher from Metuchen, New Jersey

Steve Angelo, a CPA originally from Brooklyn, New York

David Stauffer, a carpenter and contractor from Macungie, Pennsylvania (whose 3-day cash winnings total $23,800)

[next game >>]

Jeopardy! Round responses

18th CENTURY AMERICA
SPORTS
WORLD FACTS
GENESIS
INVENTORS
QUOTABLE WOMEN
    $100 10
Poor Richard's Almanack

Roseann
    $100 3
(Steve: Who's... uh, Johnson?)

(Michael) Jordan

DavidSteve
    $100 7
Singapore

Steve
    $100 1
(David: Who is Seth?)

Cain

David
Triple Stumper
    $100 15
Alexander Graham Bell

Roseann
    $100 23
(Julia) Child

Steve
    $200 11
Thanksgiving

Roseann
    $200 4
(Steve: What's the discus?)

the hammer throw

DavidSteve
    $200 8
(David: What is the St. Lawrence?)

the Columbia River

David
Triple Stumper
    $200 2
(David: Who is Methuselah?)

Noah

DavidSteve
    $200 16
Gail Borden

Steve
    $200 24
(Amelia) Earhart

David
    $300 12
Yale

David
    $300 5
(Roseann: Who is Maria--Marina, uh, Nav, oh boy, Navratilova?)
...
(Alex: Yugoslav, not Czechoslovakian.)

(Monica) Seles

DavidRoseann
    $300 9
Saudi Arabia

Steve
    $300 28
fig leaves

David
    $300 17
(Herbert Henry) Dow

David
    $300 25
Mae West

David
    $400 13
[Steve did not include the leading article in his response.]

The Taming of the Shrew

Steve
    $400 6
Bonnie Blair

Roseann
    $400 20
Germany

Steve
    $400 29
(David: What were the fishes?)

whales

DavidSteve
    $400 18
Cinerama

Triple Stumper
    $400 26
Dian Fossey

Roseann
    $500 14
(Roseann: Who is Cotton Mather?)
(Steve: Who is Increase Mather?)

Jonathan Edwards

SteveRoseann
Triple Stumper
    $500 22
the (Pittsburgh) Steelers

Steve
    $500 21
Bahrain

Steve
    $500 30
Let there be light

Triple Stumper
    $700 19
(David: What is Lawrencium?)

Alfred Nobel

David
    $500 27
(David: Who is O'Keeffe?)

Grandma Moses

DavidSteve

Scores at the first commercial break (after clue 14):

David Steve Roseann
$400 $200 -$100

Scores at the end of the Jeopardy! Round:

David Steve Roseann
-$100 $2,800 $400

Double Jeopardy! Round responses

KINGS & QUEENS
OLD, OLD SONGS
GEOGRAPHY
CITRUS FRUITS
CONGRESS
CHILDREN'S LITERATURE
    $200 14
Juan Carlos

Steve
    $200 23
(David: What is "How Much Is That Doggie In The Window"?)

"Where, Oh Where, Has My Little Dog Gone?"

David
Triple Stumper
    $200 3
Siberia

David
    $200 1
(Roseann: What is an orange?)
(Alex: Be more specific.)

a Mandarin orange

Roseann
    $200 8
pages

Steve
    $200 13
Hansel & Gretel

Steve
    $400 19
Greece

David
    $400 24
the Wabash

David
    $1,000 4
Brazil

David
    $400 2
the grapefruit

Steve
    $400 9
state legislators

Triple Stumper
    $400 15
(A.A.) Milne

David
    $600 20
(Roseann: Uh, who is Louis XIV?)

Frederick the Great

Roseann
Triple Stumper
    $600 25
[The end-of-round signal sounds.]

Casey

Roseann
    $600 5
Grand Cayman

Steve
    $600 10
Speaker of the House

Steve
    $600 16
The Once and Future King

Steve
    $1,000 21
(Alex: [Prior to the wager] We have about a minute left.)
(David: Who is Elizabeth I?)

Lady Jane Grey

David
    $800 6
the Presidential Range

David
    $800 11
Abscam

David
    $800 17
The Secret Garden

David
    $1000 22
(Roseann: This time, who is [*]?)
(Alex: This time, you are right.)

Louis XIV

Roseann
    $1000 7
(Roseann: What is Morocco?)

Tunisia

SteveRoseann
    $1000 12
(George) Mitchell

David
    $1000 18
(Johanna) Spyri

David

Scores at the end of the Double Jeopardy! Round:

David Steve Roseann
$5,500 $6,600 $600

[wagering suggestions for these scores]

Final Jeopardy! Round responses

BUSINESS & INDUSTRY
RoseannWhat is Pillsbury?
$0
DavidWhat is American Cyanamid?
$3,000
SteveWhat is General Mills?
$4,401
General Mills

Final scores:

David Steve Roseann
$2,500 $11,001 $600
2nd place: trip on TWA to Tampa & cruise on The Big Red Boat + Jeopardy! Sports Edition for home computer or Super Nintendo Entertainment System New champion: $11,001 3rd place: Service Merchandise gift certificate + Jeopardy! Sports Edition for home computer or Super Nintendo Entertainment System

Game dynamics:

Coryat scores:

David Steve Roseann
$6,600 $6,600 $600
18 R
(including 1 DD),
8 W
(including 2 DDs)
19 R,
3 W
8 R,
4 W

Combined Coryat: $13,800

[game clues] [game scores] [suggest correction]

Game tape date: 1994-09-20
The J! Archive is created by fans, for fans. Scraping, republication, monetization, and malicious use prohibited; this site may use cookies and collect identifying information. See terms. The Jeopardy! game show and all elements thereof, including but not limited to copyright and trademark thereto, are the property of Jeopardy Productions, Inc. and are protected under law. This website is not affiliated with, sponsored by, or operated by Jeopardy Productions, Inc. Join the discussion at JBoard.tv.